Najwyższe szczyty świata - Statystyki

Ogólne statystyki
  • Ten quiz został rozwiązany 168 razy
  • Średni wynik to 5 z 10
Statystyki odpowiedzi
Hint Odpowiedź % Poprawnych
1. Mount Everest
98%
2. K2
91%
10. Annapurna
53%
4. Lhotse
51%
3. Kanczendzonga
46%
5. Makalu
46%
9. Nanga Parbat
43%
6. Czo Oju
37%
8. Manaslu
35%
7. Dhaulagiri
29%
Nie znaleziono quizów pasujących do podanych kryteriów
Rozkład punktacji
Procent ludzi z każdym wynikiem
Percentyl według liczby udzielonych odpowiedzi
Twoja historia wyników
Nie rozwiązałeś tego quizu